000 00650nas a2200229 4500
001 BR8005038
003 BR-BrBNA
005 20231205084359.0
007 ta
008 230509b bl.|||p| |||| 00| 00por d
040 _aBR-BrBNA
_bpor
_cBiblioteca Nacional de Agricultura
041 _a(Pt)
072 _aF25
100 1 _aJorge, J.A.
245 1 _aFixacao de fosforo em solos do estado de Sao Paulo [Brasil]
650 _aFIXACAO DE FOSFORO
650 _aSOLO
650 _aSAO PAULO
773 0 _tBragantia (Brazil)
_xISSN 0006-8705
_g(1980), v. 39 p. 99-113
_wBR8005038
909 _a202311
_bLúcia
_c55
_dLúcia Elande
942 _2AGRIS
_n0
_cANA
999 _c104842
_d104842